000
00343nam a2200157Ia 4500
005
20250425161408.0
008
250425s9999 xx 000 0 und d
041
_a
eng
082
_a
IBM4381
245
0
_a
MINING JOURNAL 297/1981
250
_a
S.E.
260
_a
S.L.
260
_a
Sin Pais
_b
S.E.
_c
1981
942
_c
01
010
_a
19336
999
_c
208370
_d
208370